|
|
|
|
| LEADER |
00000cam a2200000 7i4500 |
| 001 |
0000024208 |
| 002 |
000026153 |
| 005 |
20020205.0 |
| 020 |
|
|
|a 967890344X
|
| 090 |
0 |
0 |
|a 363.6
|b MAL
|
| 110 |
1 |
|
|a Malaysia
|c Jabatan Kerja Raya
|
| 245 |
0 |
0 |
|a Guide to water supply rules .
|p Panduan kaedah-kaedahbekalan air
|
| 260 |
|
|
|a Kuala Lumpur :
|b International Law Book Services ,
|c 1996
|
| 300 |
|
|
|a 145p. ;
|c 24cm.
|
| 650 |
0 |
0 |
|a Water consumption
|z Malaysia
|
| 650 |
0 |
0 |
|a Water utilities
|z Malaysia
|
| 650 |
0 |
0 |
|a Wate-supply
|z Malaysia
|
| 740 |
0 |
|
|a Panduan kaedah-kaedah bekalan air
|
| 999 |
|
|
|a 00072869
|b BUKU
|c AKTA
|e PERPUSTAKAAN KOMUNITI PETALING JAYA
|
| 999 |
|
|
|a 076672
|b BUKU
|c AKTA
|e PERPUSTAKAAN KOMUNITI PETALING JAYA
|
| 999 |
|
|
|a 114256
|b AKTA - KOLEKSI UNDANG-UNDANG
|c AKTA
|e PERPUSTAKAAN KOMUNITI PETALING JAYA
|
| 999 |
|
|
|a 114257
|b AKTA - KOLEKSI UNDANG-UNDANG
|c AKTA
|e PERPUSTAKAAN KOMUNITI PETALING JAYA
|